Riconosci la Bandiera sbagliata - Quiz n°1 - Statistics

Statistiche generali
  • Questo quiz è stato fatto 18 volte
  • Il punteggio medio è 6 su 8
Statistiche sulle risposte
Domanda Risposta % Corretto
Qual è la bandiera sbagliata?
100%
Qual è la bandiera sbagliata?
100%
Qual è la bandiera sbagliata?
100%
Qual è la bandiera sbagliata?
100%
Qual è la bandiera sbagliata?
67%
Qual è la bandiera sbagliata?
67%
Qual è la bandiera sbagliata?
67%
Qual è la bandiera sbagliata?
33%
Nessun quiz corrispondente trovato
Distribuzione punteggi
Percentuale di utenti per punteggio
Percentile per numero di risposta
I tuoi punteggi nel tempo
Non hai fatto questo quiz